| 000 | 00789nam a2200253Ia 4500 | ||
|---|---|---|---|
| 999 |
_c45408 _d45408 |
||
| 001 | 12232 | ||
| 003 | GE_BSU | ||
| 005 | 20221117160051.0 | ||
| 008 | 181216s2012en xx |||||||||||||| ||eng|| | ||
| 020 | _a9780132560894 x | ||
| 040 | _cGE_BSU | ||
| 041 | _aeng | ||
| 080 | _a646/649 H-39 | ||
| 100 |
_aHayes, David K. _99680 |
||
| 245 |
_aFoundations of Lodging Management / _cDavid K. Hayes, Jack D. Ninemeier, Alisha A . Miller |
||
| 250 | _aSecond Edition. | ||
| 264 |
_aBoston : _bPrentice Hall, _c2012. |
||
| 300 |
_a406 p.: _bill.: _c28 cm. |
||
| 653 | _aFoundations of Lodging Management. | ||
| 653 | _aსაოჯახო მეურნეობის მართვა | ||
| 700 |
_a Ninemeier,Jack D. _915902 |
||
| 700 |
_aMiller, Alisha A. _915903 |
||
| 942 |
_cBK _2udc |
||